| 000 | 01638nam0a2200325 4500 | ||
|---|---|---|---|
| 001 | RU\NLR\bibl\1228004 | ||
| 005 | 20260405194010.0 | ||
| 010 |
_a978-5-91131-868-0 _92000 |
||
| 021 |
_aRU _b2008-22529 _91235 |
||
| 035 | _a(NLR Aleph) 001214297 | ||
| 090 |
_a97913 _c97913 |
||
| 100 | _a20080516d2008 |||y0rusy50 ca | ||
| 101 | 0 | _arus | |
| 102 | _aRU | ||
| 105 | _ay ||||||||| | ||
| 200 | 1 |
_aОрганизация туристического бизнеса: технология создания турпродукта _eучебно-практичекое пособие _e[для студентов, обучающихся по направлению "Туризм", преподавателей] _fО.Ю. Грачева, Ю.А. Маркова, Л.А. Мишина, Ю.В. Мишунина _gИзд.-торг. корпорация "Дашков и К°" |
|
| 210 |
_aМосква _cДашков и К° _d2008 |
||
| 215 |
_a274, [1] с. _d20 |
||
| 320 | _aБиблиогр.: с. 273-275 (41 назв.) | ||
| 606 | 1 |
_aТуризм _jУчебные издания для высших учебных заведений _xМаркетинг _92085149 _3RU\NLR\auth\661261261 |
|
| 686 | _aЧ518.14(0)к4 | ||
| 701 | 1 |
_aГрачева _bО. Ю. _4070 |
|
| 701 | 1 |
_4070 _8rus _7ca _aМаркова _bЮ. А. _cспециалист в обл. турист. бизнеса _gЮлия Александровна _3RU\NLR\auth\7785751 _968679 |
|
| 701 | 1 |
_aМишина _bЛ. А. _4070 |
|
| 701 | 1 |
_aМишунина _bЮ. В. _4070 |
|
| 801 | 0 |
_aRU _bNLR _c20080516 _gRCR |
|
| 801 | 1 |
_aRU _bNLR _c20080516 |
|
| 942 | _cBOOK | ||
| 980 | _aNB | ||